Quelle ville commençant par A? - Statistiques

Statistiques générales
  • Ce quiz a été pris 679 fois
  • Le résultat moyen est 13 sur 20
Statistiques - réponses
Hint Réponse % Correct
Elle est la capitale de la Turquie Ankara
97%
Elle est la plus grande ville de la Corse Ajaccio
95%
Elle est la première agglomération du Maghreb Alger
88%
La démocratie y serait née Athènes
88%
La maison d'Anne Franck y est située Amsterdam
84%
Elle est la capitale d'une principauté Andorre-la-Vieille
78%
Est la plus grande ville de la Flandre belge Anvers
72%
Elle est la capitale économique de la Côte d'Ivoire Abidjan
71%
Elle est nommée en l'honneur du conquérant macédonien qui l'a fondée Alexandrie
71%
Elle est la capitale d'un pays d'Amérique du Sud Asuncion
67%
Elle est la plus grande ville de Nouvelle-Zélande Auckland
66%
Elle abrite le siège social de Coca-Cola Atlanta
64%
Elle est la capitale du Texas Austin
62%
Elle est surnommée "la Venise des Alpes" Annecy
59%
Elle était la ville de résidence de Charlemagne, devenant la capitale de son empire Aix-la-Chapelle
56%
Elle a accueilli les Jeux Olympiques d'Hiver en 1992 Albertville
53%
Elle est la ville la plus peuplée du Nouveau-Mexique Albuquerque
40%
Elle abrite le siège de l'Union Africaine depuis 1963 Addis-Abeba
29%
Cette ville du Moyen-Orient était appelée "Phildelphia" au temps des romains Amman
29%
Elle est nommée d'après une reine d'Angleterre Adélaïde
9%
Aucun quiz correspondant
Distribution des résultats
% des personnes avec chaque résultat
Percentile par nombre de réponses
Votre historique - résultats
Vous n’avez pas pris ce quiz